| 000 | 00605nam a2200229Ia 4500 | ||
|---|---|---|---|
| 003 | OSt | ||
| 005 | 20220928101715.0 | ||
| 006 | a|||||r|||| 00| 0 | ||
| 007 | ta | ||
| 008 | 220927b |||||||| |||| 00| 0 eng d | ||
| 024 | _a59193 | ||
| 037 | _cTextual | ||
| 040 |
_aSDCL _cSDCL _beng |
||
| 041 |
_2eng _aeng |
||
| 082 | _aO152,3N503x, M7 | ||
| 100 |
_aJoshi Prabu _9394061 |
||
| 245 | 0 | _aPrabu Joshi ki lambi kahaniyan. | |
| 260 |
_aHapudh _bSarjan Prakashan _c1987 |
||
| 300 |
_a114p. _ccm. |
||
| 942 |
_hO152,3N503x, M7 _cTEXL _2CC |
||
| 999 |
_c709626 _d709626 |
||